<?xml version="1.0" encoding="UTF-8"?>
<collection xmlns="http://www.loc.gov/MARC21/slim">
 <record>
  <leader>00854nam a2200205   4500</leader>
  <controlfield tag="001">000014233</controlfield>
  <controlfield tag="003">10592</controlfield>
  <controlfield tag="005">20150812150848.0</controlfield>
  <controlfield tag="008">120423s                               sd</controlfield>
  <datafield tag="245" ind1="0" ind2="0">
   <subfield code="a">Tranh luận văn nghệ thế kỷ XX</subfield>
  </datafield>
  <datafield tag="774" ind1=" " ind2=" ">
   <subfield code="d">2002</subfield>
   <subfield code="d">Lao động</subfield>
   <subfield code="d">H.</subfield>
   <subfield code="g">Tập 2</subfield>
   <subfield code="h">1195 tr.</subfield>
   <subfield code="t">Tranh luận về Thơ mới/ Thơ cũ. Tranh luận về Nghệ thuật vị nghệ thuật hay nghệ thuật vị nhân sinh. Tranh luận về Dâm hay không Dâm</subfield>
   <subfield code="w">10595</subfield>
  </datafield>
  <datafield tag="774" ind1=" " ind2=" ">
   <subfield code="d">H.</subfield>
   <subfield code="d">Lao động</subfield>
   <subfield code="d">2002</subfield>
   <subfield code="g">Tập 1</subfield>
   <subfield code="h">1047 tr.</subfield>
   <subfield code="t">Tranh luận về Quốc học. Tranh luận về Truyện Kiều. Tranh luận về Duy tâm hay Duy vật</subfield>
   <subfield code="w">10594</subfield>
  </datafield>
  <datafield tag="OWN" ind1=" " ind2=" ">
   <subfield code="a">LSP</subfield>
  </datafield>
  <datafield tag="999" ind1=" " ind2=" ">
   <subfield code="a">From the UDN01</subfield>
  </datafield>
  <datafield tag="TYP" ind1=" " ind2=" ">
   <subfield code="a">Monograph</subfield>
  </datafield>
  <datafield tag="TYP" ind1=" " ind2=" ">
   <subfield code="a">Printed language</subfield>
  </datafield>
  <datafield tag="980" ind1=" " ind2=" ">
   <subfield code="a">Mạng thư viện Đại học Đà Nẵng</subfield>
  </datafield>
 </record>
</collection>
